|
|
|
|
| LEADER |
00000nab a2200000 4500 |
| 001 |
vtls012152324 |
| 003 |
SK-MaSNL |
| 005 |
20260318114708.0 |
| 008 |
221019c2021 xo er|n || ||00 c0ukr |
| 015 |
|
|
|a SNBRB2022/10
|
| 038 |
|
|
|a SVKPOCL
|
| 040 |
|
|
|a SVKPOCL
|b slo
|c SVKPOCL
|e rda
|
| 041 |
0 |
|
|a ukr
|
| 043 |
|
|
|a e-xo---
|a e-un---
|
| 044 |
|
|
|a xo
|c SK
|
| 072 |
|
7 |
|a 39
|x Etnológia. Etnografia. Folklór
|2 konspekt
|
| 072 |
|
7 |
|a 82.0
|x Literatúra (teória)
|2 konspekt
|
| 072 |
|
7 |
|a 655
|x Polygrafia. Vydavateľstvá a knižný obchod
|2 konspekt
|
| 080 |
|
|
|a 655.4/.5
|2 2011
|
| 080 |
|
|
|a 398(091)"19/20"
|2 2011
|
| 080 |
|
|
|a 39-051
|2 2011
|
| 080 |
|
|
|a (437.6)
|2 2011
|
| 100 |
1 |
|
|a Iľuk, Miroslav,
|d 1942-
|4 aut
|9 6395
|
| 245 |
1 |
0 |
|a Vydannja z nahody juvileju
|c [autor] -mi-
|
| 336 |
|
|
|a text
|b txt
|2 rdacontent
|
| 337 |
|
|
|a bez média
|b n
|2 rdamedia
|
| 338 |
|
|
|a zväzok
|b nc
|2 rdacarrier
|
| 500 |
|
|
|a V rubrike Z krajiny i kraju
|
| 500 |
|
|
|a Odkrytie akronymu je s autorovým súhlasom
|
| 600 |
1 |
7 |
|a Mušinka, Mikuláš,
|d 1936-2024
|2 SNKMA
|9 99915
|
| 648 |
|
7 |
|a 2021
|2 svkpocl
|9 368183
|
| 650 |
0 |
7 |
|a etnografi
|2 SNKPH
|9 110822
|
| 650 |
0 |
7 |
|a literárni vedci
|2 SNKPH
|9 220855
|
| 650 |
0 |
7 |
|a ukrajinisti
|2 SNKPH
|9 24386
|
| 650 |
0 |
7 |
|a osobnosti
|2 SNKPH
|9 29820
|
| 650 |
0 |
7 |
|a folkloristi
|2 SNKPH
|9 59714
|
| 650 |
0 |
7 |
|a obsahová charakteristika
|2 svkpocl
|9 1086894
|
| 650 |
0 |
7 |
|a rodáci
|2 SNKPH
|9 30842
|
| 650 |
0 |
7 |
|a ukrajinská etnografia
|2 svkpocl
|9 1598441
|
| 650 |
0 |
7 |
|a akademici
|2 SNKPH
|9 85333
|
| 650 |
0 |
7 |
|a publicisti
|2 SNKPH
|9 63929
|
| 650 |
0 |
7 |
|a vydávanie a distribúcia kníh
|2 SNKPH
|9 64414
|
| 651 |
|
7 |
|a Prešov (Slovensko)
|2 SNKPHgeo
|9 17347
|
| 651 |
|
7 |
|a Slovensko
|2 SNKPHgeo
|9 14231
|
| 773 |
0 |
|
|t Nove žyttja
|g Roč. 71, č. 3 (2021), s. 3
|
| 852 |
|
|
|a SVKPO
|b KIS3GCP
|
| 958 |
|
|
|a UK
|
| 958 |
|
|
|a SS
|
| 958 |
|
|
|a BX
|
| 958 |
|
|
|a LX
|
| 958 |
|
|
|a NM
|
| 999 |
|
|
|c 3287746
|d 3289676
|